Lập trình bằng hợp ngữ :Ngôn ngữ Assembly

שמור ב:
מידע ביבליוגרפי
מחבר ראשי: Ngô Diên Tập
פורמט: ספר
שפה:Vietnamese
יצא לאור: Khoa học Kỹ Thuật 1998
נושאים:
תגים: הוספת תג
אין תגיות, היה/י הראשונ/ה לתייג את הרשומה!
Thư viện lưu trữ: Mạng thư viện Đại học Đà Nẵng
LEADER 01019nam a2200313 a 4500
001 000002151
003 02028
005 20171229145311.0
008 171229s1998 vie
040 |a LSK 
041 0 |a VIE 
082 0 |a 005.136  |b NG-T 
100 1 |a Ngô Diên Tập 
245 0 0 |a Lập trình bằng hợp ngữ :Ngôn ngữ Assembly 
260 |b Khoa học Kỹ Thuật  |c 1998 
300 |a 360 pages  |c 24 cm. 
653 |a Assembly (Ngôn ngữ lập trình máy tính) 
852 |a Phòng Đọc - Phòng Mượn 
901 |a 8 
927 |a Sách tham khảo 
OWN |a LSK 
AVA |a UDN50  |b LSK  |d 055.136 NG-T  |e available  |t Error 5001 Not defined in file expand_doc_bib_avail.  |f 9  |g 0  |h N  |i 0 
999 |a From the UDN01 
AVA |a UDN50  |b LSK  |d 055.136 NG-T  |e available  |t Error 5001 Not defined in file expand_doc_bib_avail.  |f 9  |g 0  |h N  |i 0 
TYP |a Monograph 
TYP |a Printed language 
980 |a Mạng thư viện Đại học Đà Nẵng